000 00464nam a2200193Ia 4500
005 20240921120758.0
008 240921s9999||||xx |||||||||||||| ||und||
041 _aENGLISH
082 _A625 P0
100 _aShunmugam G
245 0 _aBasic Civil and Mechanical Engineering
250 _a3rd
260 _c2000
_bTMH,New Delhi
500 _aSurveying
650 _aCivil Engineering
_bCivil
700 _a Palanichamy M S
942 _cBK
999 _c247528
_d247528